Nezamestnanosť v štátoch Vyšehradskej štvorky v čase globálnej hospodárskej, finančnej a sociálnej krízy

Skupiny obyvateľstva ohrozené nezamestnanosťou. Nezamestnanosť a jej vplyv na psychiku človeka. Analýza nezamestnanosti v Slovenskej republike, Českej republike, Maďarsku a Poľsku v súčasnosti a prognóza vývoja.

Na minha lista:
Detalhes bibliográficos
Autor principal: Veselovská, Stanislava, 1957-
Formato: Capítulo de Livro
Idioma:eslovaco
Assuntos:
Tags: Adicionar Tag
Sem tags, seja o primeiro a adicionar uma tag!

MARC

LEADER 00000naa a2200000 4500
001 0161714
005 20240502072814.6
041 0 |a slo 
044 |a SK 
245 1 0 |a Nezamestnanosť v štátoch Vyšehradskej štvorky v čase globálnej hospodárskej, finančnej a sociálnej krízy  |c Stanislava Veselovská 
520 |a Skupiny obyvateľstva ohrozené nezamestnanosťou. Nezamestnanosť a jej vplyv na psychiku človeka. Analýza nezamestnanosti v Slovenskej republike, Českej republike, Maďarsku a Poľsku v súčasnosti a prognóza vývoja. 
610 2 0 |a kríza finančná 
610 2 0 |a nezamestnanosť 
610 2 0 |a Vyšehradská štvorka 
610 2 0 |a politika sociálna 
610 2 0 |a prognózy sociálno-ekonomické 
610 2 0 |a trh práce 
100 1 |a Veselovská, Stanislava, 1957-